[Event "Bryansk Zilberstein Memorial 5th"]
[Site "Bryansk"]
[Date "2021.07.29"]
[Round "3"]
[White "Stupak, Kirill"]
[Black "Selensky, Andrei"]
[Result "1-0"]
[WhiteElo "2485"]
[BlackElo "1997"]
[PlyCount "67"]
[EventDate "2021.07.29"]
[EventType "swiss (rapid)"]
[EventRounds "11"]
[EventCountry "RUS"]
[SourceTitle "CBM 203 Extra"]
[Source "ChessBase"]
[SourceDate "2021.09.30"]
[SourceVersion "1"]
[SourceVersionDate "2021.09.30"]
[SourceQuality "1"]

1. d4 d5 2. Nf3 Nf6 3. g3 e6 4. Bg2 c5 5. 0-0 cxd4 6. Nxd4 Nc6 7. c4 Bc5 8. Nb3 Be7 9. Nc3 d4 10. Bxc6+ bxc6 11. Qxd4 Qxd4 12. Nxd4 Bd7 13. Bf4 Nh5 14. Be3 f5 15. Nb3 Kf7 16. Rfd1 Be8 17. Na4 e5 18. Bc5 Bf6 19. Na5 Kg6 20. b3 Bg5 21. Nxc6 Bf6 22. Ne7+ Kg5 23. h4+ Kg4 24. Kg2 Nxg3 25. fxg3 f4 26. Nd5 Bc6 27. Bf2 h5 28. Nac3 e4 29. Nxf6+ gxf6 30. Rd6 Rac8 31. Nd5 Bxd5 32. Rxd5 Rhg8 33. Rf1 Rce8 34. Be3 1-0

[Event "Voronezh op-B 23rd"]
[Site "Voronezh"]
[Date "2019.06.12"]
[Round "1"]
[White "Ryumshin, Vladislav"]
[Black "Selensky, Andrei"]
[Result "1-0"]
[WhiteElo "1651"]
[BlackElo "2006"]
[PlyCount "69"]
[EventDate "2019.06.12"]
[EventType "swiss"]
[EventRounds "9"]
[EventCountry "RUS"]
[SourceTitle "EXT 2020"]
[Source "ChessBase"]
[SourceDate "2019.10.17"]
[SourceVersion "1"]
[SourceVersionDate "2019.10.17"]
[SourceQuality "1"]

1. e4 c5 2. Nf3 Nc6 3. d4 cxd4 4. Nxd4 Nf6 5. Nc3 e5 6. Ndb5 d6 7. Bg5 a6 8. Na3 b5 9. Bxf6 gxf6 10. Nd5 f5 11. Bd3 Be6 12. c3 Bg7 13. Bc2 fxe4 14. Bxe4 0-0 15. Ne3 Qd7 16. Qf3 Rac8 17. Nf5 f6 18. Bxc6 Rxc6 19. Qxc6 Bxf5 20. Qxd7 Bxd7 21. Rd1 Rf7 22. Rxd6 Bf8 23. Rb6 Bc5 24. Rb7 b4 25. cxb4 Bd4 26. Nc4 Be6 27. Rxf7 Kxf7 28. b3 Bc3+ 29. Ke2 Bxb4 30. Rc1 Bg4+ 31. f3 Bh5 32. a3 Be7 33. a4 Bb4 34. Rd1 Ke6 35. Nb6 1-0

[Event "Voronezh op-B 22nd"]
[Site "Voronezh"]
[Date "2018.06.13"]
[Round "2"]
[White "Selensky, Andrei"]
[Black "Shestakova, Ekaterina"]
[Result "1-0"]
[WhiteElo "2040"]
[BlackElo "1886"]
[PlyCount "97"]
[EventDate "2018.06.12"]
[EventType "swiss"]
[EventRounds "9"]
[EventCountry "RUS"]
[SourceTitle "CBM 185 Extra"]
[Source "ChessBase"]
[SourceDate "2018.07.29"]
[SourceVersion "1"]
[SourceVersionDate "2018.07.29"]
[SourceQuality "1"]

1. d4 d5 2. c4 c6 3. Nc3 Nf6 4. Nf3 e6 5. Bg5 Nbd7 6. e3 Qa5 7. Bxf6 Nxf6 8. Bd3 Bb4 9. 0-0 Bxc3 10. bxc3 dxc4 11. Bxc4 Qxc3 12. Ne5 0-0 13. Rc1 Qb4 14. Qd3 Rd8 15. Bb3 Qd6 16. f4 a5 17. a4 Bd7 18. f5 Nd5 19. Nxf7 Kxf7 20. fxe6+ Ke8 21. exd7+ Kxd7 22. Rf7+ Kc8 23. Qf5+ Kb8 24. Bxd5 Qxd5 25. Qxd5 Rxd5 26. Rxg7 h5 27. Rb1 b5 28. Rf1 Rd8 29. Rff7 Re8 30. axb5 cxb5 31. d5 Ra6 32. Rb7+ Kc8 33. Kf2 a4 34. Rxb5 a3 35. Rb1 a2 36. Ra1 Re5 37. d6 Rd5 38. Rc7+ Kd8 39. Rc2 Rda5 40. Rd2 Kd7 41. e4 Ra8 42. g3 R8a7 43. Kf3 Ra3+ 44. Kf4 R3a4 45. Kg5 R7a5+ 46. Kg6 Ra3 47. e5 Rxe5 48. Raxa2 Rxa2 49. Rxa2 1-0

[Event "Orel"]
[Site "Orel"]
[Date "1998.??.??"]
[Round "4"]
[White "Mirzoian, Mikhail"]
[Black "Selensky, Andrei"]
[Result "1/2-1/2"]
[WhiteElo "2355"]
[BlackElo "2360"]
[PlyCount "106"]
[EventDate "1998.??.??"]
[EventType "tourn"]
[EventRounds "13"]
[EventCountry "RUS"]
[EventCategory "6"]
[SourceTitle "EXT 2002"]
[Source "ChessBase"]
[SourceDate "2001.11.25"]
[SourceVersion "1"]
[SourceVersionDate "2001.11.25"]
[SourceQuality "1"]

1. d4 Nf6 2. c4 c5 3. d5 d6 4. Nc3 g6 5. e4 Bg7 6. f4 0-0 7. Nf3 e6 8. dxe6 Bxe6 9. Bd3 Nc6 10. f5 Bd7 11. 0-0 Ng4 12. Bg5 Bd4+ 13. Kh1 Bf6 14. Bf4 Be5 15. Nxe5 dxe5 16. Qxg4 exf4 17. Qxf4 g5 18. Qg3 f6 19. Rad1 Ne5 20. Be2 Qe7 21. Nd5 Qg7 22. Qa3 b6 23. b4 cxb4 24. Qxb4 Kh8 25. a4 Rac8 26. Ra1 Rfe8 27. Rfe1 Nc6 28. Qb1 Re5 29. Bd3 Qf8 30. Qb2 Kg7 31. Ne3 Ree8 32. Red1 Ne5 33. a5 Qc5 34. Qd2 Bc6 35. axb6 Nxd3 36. Rxa7+ Kg8 37. Qxd3 Qxb6 38. Qd4 Qxd4 39. Rxd4 Rxe4 40. Rxe4 Bxe4 41. Kg1 h5 42. Nd5 Bxd5 43. cxd5 Rc2 44. h4 Rd2 45. Rd7 g4 46. g3 Rd3 47. Kg2 Rf3 48. d6 Rxf5 49. Re7 Kf8 50. Rh7 Ke8 51. Re7+ Kd8 52. Rf7 Rf3 53. Rh7 Rf5 1/2-1/2

[Event "Orel"]
[Site "Orel"]
[Date "1998.??.??"]
[Round "10"]
[White "Pushkov, Nikolai"]
[Black "Selensky, Andrei"]
[Result "1-0"]
[WhiteElo "2520"]
[BlackElo "2360"]
[PlyCount "81"]
[EventDate "1998.??.??"]
[EventType "tourn"]
[EventRounds "13"]
[EventCountry "RUS"]
[EventCategory "6"]
[SourceTitle "EXT 2002"]
[Source "ChessBase"]
[SourceDate "2001.11.25"]
[SourceVersion "1"]
[SourceVersionDate "2001.11.25"]
[SourceQuality "1"]

1. d4 f5 2. Nf3 Nf6 3. c4 e6 4. Nc3 d5 5. g3 c6 6. Bg2 Bd6 7. 0-0 0-0 8. b3 Nbd7 9. Bb2 Ne4 10. e3 Qe8 11. Ne2 g5 12. Ne1 b6 13. f3 Nef6 14. Nd3 e5 15. f4 e4 16. Ne5 gxf4 17. Nxd7 Bxd7 18. Nxf4 Ng4 19. Qe2 Bxf4 20. Rxf4 Qh5 21. Bf1 Rf6 22. Ba3 Rh6 23. h3 Nf6 24. Qxh5 Nxh5 25. Rh4 Kg7 26. Kf2 Nf6 27. Rxh6 Kxh6 28. Bd6 Be8 29. a4 Rc8 30. Rc1 Bf7 31. c5 Be8 32. Ba6 Ra8 33. Bb7 Rd8 34. Bc7 Rd7 35. cxb6 axb6 36. Rxc6 Kg7 37. Rc2 Re7 38. Ba8 Re6 39. Be5 b5 40. axb5 Bxb5 41. Bxd5 1-0